• 首页
  • 本馆介绍
  • 公告通知
  • 最新文献
  • 馆藏检索
  • 电子资源
  • 读者导购
  • 参考咨询
  • 我的图书馆
  • 登录
  • 详细信息显示
  • 放入我的书架
  • 预约/预借图书
  • 作者相关作品
  • 分类相关作品
  • 丛书相关作品
  • 出版社相关作品

书目信息

  • 表格格式
  • 工作单格式
  • 卡片格式
题名:
网上淘金
    
 
作者: 余素芬 , 毛向城 编著
分册:  
出版信息: 北京   清华大学出版社  2009
页数: 305页
开本: 23cm
丛书名:
单 册:
中图分类: F713.36 , F830.91-39
科图分类:
主题词: 电子商务--商业经营--基本知识 , 互联网络--应用--证券交易--基本知识 , 电子商务 , 商业经营 , 互联网络 , 证券交易
电子资源:
ISBN: 978-7-302-20364-3
000 01082nam0 2200325 45
001 1033076968
005 20100408161828.50
010    @a978-7-302-20364-3@dCNY32.00
100    @a20100401d2009 em y0chiy50 ea
101 0  @achi
102    @aCN@b110000
105    @aa z 000yy
106    @ar
200 1  @a网上淘金@AWang Shang Tao Jin@f余素芬,毛向城编著@FYu Su Fen, Mao Xiang Cheng Bian Zhu
210    @a北京@c清华大学出版社@d2009
215    @a305页@c图@d23cm
300    @a财富宝典系列
330    @a本书对网上开店淘金和网上证券交易的各种途径的操作流程进行了详细的介绍,还穿插了淘金小故事、知识拓展、财富名言,列举了很多淘金过程中碰到的难题,并给出了适当的解决方法。
606 0  @a电子商务@x商业经营@x基本知识
606 0  @a互联网络@x应用@x证券交易@x基本知识
606 0  @a电子商务
606 0  @a商业经营
606 0  @a互联网络
606 0  @a证券交易
690    @aF713.36@v4
690    @aF830.91-39@v4
701  0 @a余素芬@AYu Su Fen@4编著
701  0 @a毛向城@AMao Xiang Cheng@4编著
801  0 @aCN@bTANGWEI@c20100408
905    @b0588158-62@dF713.36@e494@f5
    
    网上淘金/余素芬,毛向城编著.-北京:清华大学出版社,2009
    305页:图;23cm
    财富宝典系列
    
    ISBN 978-7-302-20364-3:CNY32.00
    本书对网上开店淘金和网上证券交易的各种途径的操作流程进行了详细的介绍,还穿插了淘金小故事、知识拓展、财富名言,列举了很多淘金过程中碰到的难题,并给出了适当的解决方法。
●
相关链接 在E读中查询图书 在五车中查询图书 在当当中查询图书 在豆瓣中查询图书


正题名:网上淘金     索取号:F713.36/494         预约/预借

序号 登录号 条形码 馆藏地/架位号 状态 备注
1 0588158   205881580   第一样本阅览室/ [索取号:F713.36/494] 在馆    
2 0588159   205881599   第一借阅区/ [索取号:F713.36/494] 在馆    
3 0588160   205881606   第一借阅区/ [索取号:F713.36/494] 在馆    
4 0588161   205881615   第一借阅区/ [索取号:F713.36/494] 在馆    
5 0588162   205881624   第一借阅区/ [索取号:F713.36/494] 在馆    
唐山师范学院图书馆 欢迎您!
大连网信软件有限公司© 版权所有